| 000 | 00993nam a22002417a 4500 | ||
|---|---|---|---|
| 005 | 20100806162120.0 | ||
| 010 | _aENG-98578 | ||
| 020 |
_a9788180940637 _c450.00 |
||
| 035 | _aEN-82111 | ||
| 035 | _aG-001322 | ||
| 037 | _bDBAD/PUB | ||
| 082 | _a570.113 | ||
| 100 |
_aThiagarajan,B _934077 |
||
| 245 |
_aComputational biology / _cby B Thiagarajan [and] Pa Rajalakshmi |
||
| 260 |
_aChennai _bMJP Publications _c2009 |
||
| 270 |
_a47, Nallathambi Street _bNew Delhi _e600005 |
||
| 300 |
_axxiv,493p _c23cm(pbk) |
||
| 500 | _aIncludes bibliographical references and index | ||
| 700 |
_aRajalakshmi, Pa _98078 |
||
| 942 |
_2ddc _cEN _h570.113 _mTHI |
||
| 999 |
_c39913 _d39913 |
||